000 00792nam a2200289Ia 4500
003 OSt
005 20221007110324.0
006 a|||||r|||| 00| 0
007 ta
008 221006b |||||||| |||| 00| 0 eng d
020 _a9780199206872
024 _a20,883
037 _cTextual
040 _aLCO
_cLCO
_beng
041 _2eng
_aeng
082 _aP111:4k, P7
100 _aStevenson Angus Ed.
245 0 _aShorter Oxford English Dictionary.2V
250 _a6th
260 _aNew
_bYork Oxford University Press U.S.A.
_c2007
300 _a1882
490 _vVol. - IVol.- I
500 _aOn Historical Principles
650 _aOXFORD DICTIONARY
_9707376
942 _hP111:4k, P7
_cTEXL
999 _c1190446
_d1190446